|
|
|
|
| LEADER |
00000nab a2200000uu 4500 |
| 001 |
vtls010811428 |
| 003 |
SK-MaSNL |
| 005 |
20260305044425.0 |
| 008 |
230218|2004 xo |||||||||||||||||cze| |
| 015 |
|
|
|a SNBRB
|
| 035 |
|
|
|a (urnnbn)urn:nbn:sk:snk:ar-003kev
|
| 035 |
|
|
|a (uuid)6a5401ef-5450-494b-a97f-ce57e14a9da8
|
| 035 |
|
|
|a urn:nbn:sk:snk-ab8hvs
|
| 040 |
|
|
|a SNKBUCL
|b slo
|c SNKBUCL
|e AACR2
|
| 041 |
0 |
|
|a cze
|
| 044 |
|
|
|a xo
|c SK
|
| 100 |
1 |
|
|a Pospíšilová, Alena,
|d 1945-
|4 aut
|9 194861
|
| 245 |
1 |
0 |
|a LARVA MIGRANS V NEOBVYKLÉ LOKALIZACI
|c A. Pospíšilová, L. Dítětová, O. Faustmannová
|
| 700 |
1 |
|
|a Dítětová, L.
|4 aut
|9 1221788
|
| 700 |
1 |
|
|a Faustmannová, O.
|4 aut
|9 1309476
|
| 773 |
0 |
|
|t Derma 3. tisícročia : odborný časopis dermatovenerológie, estetickej dermatológie a kozmetiky
|g Roč. 4, č. 2-3 (2004), s. 21-22
|
| 954 |
|
|
|a odborná, vedecká literatúra cudzojazyčná (svetová)
|2 lita
|
| 958 |
|
|
|a OND
|
| 958 |
|
|
|a EUIPO
|
| 958 |
|
|
|a article10
|
| 999 |
|
|
|c 3358582
|d 3360512
|